[Event "Titled Tue 17th Jun Late"]
[Site "chess.com INT"]
[Date "2025.06.17"]
[Round "5"]
[White "Shapiro, Daniel"]
[Black "Zeliantsova, Kseniya"]
[Result "1-0"]
[WhiteTitle "FM"]
[BlackTitle "WFM"]
[WhiteElo "2284"]
[BlackElo "2062"]
[WhiteFideId "2001780"]
[BlackFideId "13512617"]
[EventDate "2025.06.17"]

1. d4 Nf6 2. c4 g6 3. Nc3 Bg7 4. e4 d6 5. Be2 O-O 6. Nf3 c5 7. d5 e6 8. O-O exd5
9. cxd5 Re8 10. Nd2 Nbd7 11. Qc2 Rb8 12. a4 a6 13. Rb1 Nf8 14. b4 cxb4 15. Rxb4
N8d7 16. Nc4 Nc5 17. f3 Nh5 18. g4 Bd4+ 19. Kg2 Ng7 20. Bf4 Be5 21. Nxe5 dxe5
22. Be3 Nd7 23. Rfb1 f5 24. h3 Nf6 25. Bg5 Rf8 26. Rb6 Nge8 27. a5 Qc7 28. Qb3
Kh8 29. d6 Qg7 30. Nd5 Nxd5 31. Qxd5 fxe4 32. Qxe4 h6 33. Be7 Rf4 34. Qe3 Qf7
35. R1b4 Ng7 36. Qc3 Bd7 37. Qxe5 Rc4 38. Bxc4 1-0

[Event "Titled Tue 17th Jun Late"]
[Site "chess.com INT"]
[Date "2025.06.17"]
[Round "5"]
[White "Rogov, Matfey"]
[Black "Ahmad, Khagan"]
[Result "1-0"]
[WhiteTitle "FM"]
[BlackTitle "IM"]
[WhiteElo "2348"]
[BlackElo "2394"]
[WhiteFideId "44191308"]
[BlackFideId "13431552"]
[EventDate "2025.06.17"]

1. e4 c5 2. a3 g6 3. Nc3 Bg7 4. Bc4 Nc6 5. d3 e6 6. Ba2 Nge7 7. h4 h6 8. h5 g5
9. f4 gxf4 10. Bxf4 d5 11. Nf3 e5 12. Bh2 Be6 13. O-O d4 14. Ne2 Bxa2 15. Rxa2
Qd7 16. Ng3 Rg8 17. Nh4 O-O-O 18. b4 Qe6 19. Rb2 c4 20. Nhf5 c3 21. Rb1 Nxf5 22.
exf5 Qd5 23. Ne4 Bh8 24. b5 Ne7 25. b6 a6 26. Rb4 Nc6 27. Rc4 f6 28. Qf3 Rd7 29.
Rc5 Qa2 30. Nxf6 Rdg7 31. Rxc6+ bxc6 32. Qxc6+ Kd8 33. Nxg8 Rxg8 34. b7 Ke7 35.
f6+ Bxf6 36. Qxf6+ Kd7 37. Qxe5 Rxg2+ 38. Kxg2 Qxc2+ 39. Rf2 Qxd3 40. Qd6+ Ke8
41. b8=Q# 1-0

[Event "Titled Tue 17th Jun Late"]
[Site "chess.com INT"]
[Date "2025.06.17"]
[Round "5"]
[White "Ambartsumian, Tyhran"]
[Black "Jarmula, Lukasz"]
[Result "0-1"]
[WhiteTitle "CM"]
[BlackTitle "GM"]
[WhiteElo "2244"]
[BlackElo "2440"]
[WhiteFideId "34161112"]
[BlackFideId "1160664"]
[EventDate "2025.06.17"]

1. e4 c5 2. Nf3 g6 3. d4 cxd4 4. Qxd4 Nf6 5. Nc3 Nc6 6. Qa4 d6 7. e5 dxe5 8.
Nxe5 Bg7 9. Bb5 O-O 10. Nxc6 bxc6 11. Bxc6 Bd7 12. O-O Bxc6 13. Qxc6 Rc8 14. Qa6
Qc7 15. Qe2 h5 16. h3 Qc4 17. Qxc4 Rxc4 18. Be3 Rb8 19. Rab1 a6 20. Rfd1 Ne8 21.
Nd5 e6 22. Nb6 Rxc2 23. a4 a5 24. b3 Nf6 25. Bd4 Ne4 26. Nc4 Bxd4 27. Rxd4 Nc3
28. Re1 Rxb3 29. Nxa5 Ne2+ 30. Rxe2 Rb1+ 31. Kh2 Rxe2 32. Rf4 Rbb2 33. Kg3 h4+
34. Kxh4 Rxf2 35. Rxf2 Rxf2 36. g4 Rf4 37. Nc6 Rxa4 38. Ne5 Kg7 39. Nf3 f6 40.
Nd2 Ra3 41. g5 f5 42. Nf3 Re3 43. Nd4 Re4+ 0-1

[Event "Titled Tue 17th Jun Late"]
[Site "chess.com INT"]
[Date "2025.06.17"]
[Round "5"]
[White "Cevizci, Yusuf Baran"]
[Black "Ady, Jonathan J."]
[Result "1-0"]
[WhiteTitle "CM"]
[BlackTitle "FM"]
[WhiteElo "2062"]
[BlackElo "2355"]
[WhiteFideId "34565400"]
[BlackFideId "6000240"]
[EventDate "2025.06.17"]

1. e4 c5 2. c3 d5 3. exd5 Nf6 4. c4 e6 5. dxe6 Bxe6 6. Nc3 Bd6 7. d3 Nc6 8. Be3
O-O 9. Nf3 Ng4 10. Be2 Re8 11. Bg5 Qd7 12. h3 Nge5 13. O-O Bxh3 14. Nxe5 Bxe5
15. f4 Bd4+ 16. Kh2 Be6 17. Bf3 f6 18. Bh4 Ne7 19. Bf2 Rad8 20. Bxd4 Qxd4 21.
Re1 Qxf4+ 22. g3 Qh6+ 23. Kg2 Qh3+ 24. Kf2 Nf5 25. Ne4 Nxg3 26. Nxg3 Qh2+ 27.
Bg2 Bh3 28. Rg1 Rd4 29. Qf3 h5 30. Rh1 Qxg2+ 31. Qxg2 Bxg2 32. Kxg2 Rxd3 33.
Raf1 Re5 34. Rf3 Rd2+ 35. Rf2 Rd3 36. Nf5 1-0

[Event "Titled Tue 17th Jun Late"]
[Site "chess.com INT"]
[Date "2025.06.17"]
[Round "5"]
[White "Uyanga, Byambaa"]
[Black "Manukian, Artak"]
[Result "0-1"]
[WhiteTitle "WFM"]
[WhiteElo "2006"]
[BlackElo "2104"]
[WhiteFideId "2054906"]
[BlackFideId "13301373"]
[EventDate "2025.06.17"]

1. e4 c6 2. d4 d5 3. e5 Bf5 4. h4 h5 5. Bg5 Qb6 6. Bd3 Bxd3 7. Qxd3 e6 8. Nc3
Qa6 9. Qd2 c5 10. Nf3 Nc6 11. O-O-O c4 12. Kb1 b5 13. Ne1 b4 14. Ne2 Qb5 15. b3
a5 16. bxc4 Qxc4 17. Qd3 Qxd3 18. Nxd3 Nh6 19. Ng3 g6 20. Nf4 Rc8 21. Rhe1 Na7
22. Nxd5 exd5 23. e6 f5 24. Re5 Nb5 25. Rxd5 Nc3+ 26. Kc1 Nxd5 27. Ne2 Bd6 28.
Re1 Ng4 29. f3 Nge3 30. g3 Rxc2+ 31. Kb1 a4 32. Nf4 Bxf4 33. gxf4 b3 34. axb3
axb3 35. Bf6 Nxf6 36. Rxe3 Rc8 37. Rxb3 Ke7 38. d5 Nxd5 39. Rb7+ Kxe6 40. Rg7
Rc6 41. Rb7 Rb6+ 0-1

[Event "Titled Tue 17th Jun Late"]
[Site "chess.com INT"]
[Date "2025.06.17"]
[Round "5"]
[White "Terkiewicz, Bruno"]
[Black "Roebers, Eline"]
[Result "1-0"]
[WhiteTitle "CM"]
[BlackTitle "IM"]
[WhiteElo "2183"]
[BlackElo "2356"]
[WhiteFideId "21093245"]
[BlackFideId "1058401"]
[EventDate "2025.06.17"]

1. d4 f5 2. g3 Nf6 3. Bg2 g6 4. Nd2 Nc6 5. c3 d5 6. Ndf3 Bg7 7. Nh3 O-O 8. Nf4
Ne4 9. Nd3 b6 10. O-O a5 11. Bf4 a4 12. Nfe5 Nb8 13. f3 Nd6 14. Qc1 c5 15. Bh6
Ba6 16. Bxg7 Kxg7 17. Nf4 Qc8 18. Nxd5 Qb7 19. Nf4 Rf6 20. d5 Nd7 21. Nxd7 Qxd7
22. Re1 Nf7 23. e4 fxe4 24. Rxe4 Bb7 25. Bh3 Qd6 26. c4 b5 27. b3 axb3 28. axb3
Rxa1 29. Qxa1 e5 30. Ne6+ Kg8 31. f4 bxc4 32. bxc4 Qb6 33. fxe5 Rf3 34. Bg2 Rb3
35. Re1 Ba6 36. Nf4 Rb2 37. e6 Nd6 38. e7 Ne8 39. d6 Bc8 40. Bd5+ Kg7 41. Rb1 1-0

[Event "Titled Tue 17th Jun Late"]
[Site "chess.com INT"]
[Date "2025.06.17"]
[Round "5"]
[White "Ivashentseva, Dominika"]
[Black "Melillo, Lucius"]
[Result "0-1"]
[WhiteTitle "WCM"]
[BlackTitle "FM"]
[WhiteElo "1969"]
[BlackElo "2170"]
[WhiteFideId "34331050"]
[BlackFideId "30958245"]
[EventDate "2025.06.17"]

1. d4 e6 2. c4 b6 3. Nc3 Bb7 4. e4 Bb4 5. Qc2 d6 6. Bd3 Nc6 7. Ne2 e5 8. Be3
exd4 9. Nxd4 Nf6 10. O-O O-O 11. Nd5 Bc5 12. Nxc6 Bxc6 13. Bg5 Bd4 14. e5 Bxe5
15. Bxh7+ Kh8 16. Qd3 Bxd5 17. cxd5 g6 18. Qh3 Qc8 19. Qh6 Nxh7 20. f4 Bd4+ 21.
Kh1 Qg4 22. Be7 Rfe8 23. Rae1 Bg7 24. Qh3 Qxh3 25. gxh3 Bf6 26. Bxf6+ Nxf6 27.
Rc1 Re7 28. f5 g5 29. h4 gxh4 30. Rf4 Re4 31. Rf3 Rc8 32. Rg1 Rg8 33. Rc1 Nxd5
34. Rd3 Nf4 35. Rf3 c5 36. Rcf1 Ne2 37. Rh3 d5 38. Re1 Ng3+ 0-1

[Event "Titled Tue 17th Jun Late"]
[Site "chess.com INT"]
[Date "2025.06.17"]
[Round "5"]
[White "Jakubowski, Krzysztof"]
[Black "Ragger, Markus"]
[Result "1-0"]
[WhiteTitle "GM"]
[BlackTitle "GM"]
[WhiteElo "2448"]
[BlackElo "2566"]
[WhiteFideId "1112848"]
[BlackFideId "1610856"]
[EventDate "2025.06.17"]

1. e4 e5 2. Nf3 Nc6 3. Bc4 Nf6 4. Ng5 d5 5. exd5 Na5 6. Bb5+ c6 7. dxc6 bxc6 8.
Bd3 Nd5 9. h4 h6 10. Qh5 Qf6 11. Nh7 Rxh7 12. Bxh7 g6 13. Qe2 Nf4 14. Qf3 h5 15.
Nc3 Bg4 16. Qg3 O-O-O 17. Ne4 Qe6 18. f3 Bf5 19. Qf2 Bxe4 20. fxe4 Qc4 21. Kd1
Qxe4 22. Re1 Qf5 23. d3 Kb7 24. Bxf4 exf4 25. b4 Nc4 26. Kc1 Na3 27. Re4 Qf6 28.
d4 Nc4 29. c3 Qf5 30. Qf3 Bh6 31. Rb1 Ne3 32. b5 Re8 33. bxc6+ Kc8 34. Rxe8+ Kc7
35. Rb7+ Kd6 36. Rd7+ Qxd7 37. cxd7 Kxd7 38. Ra8 Ke6 39. Rxa7 f6 40. Qe4+ Kd6
41. Ra6+ Kc7 42. Qc6+ Kd8 43. Ra8+ Ke7 44. Ra7+ Kf8 45. Qc8# 1-0

[Event "Titled Tue 17th Jun Late"]
[Site "chess.com INT"]
[Date "2025.06.17"]
[Round "5"]
[White "Hartge, Gedeon"]
[Black "Dauer, Andre Leonardo"]
[Result "1-0"]
[WhiteTitle "FM"]
[BlackTitle "CM"]
[WhiteElo "2328"]
[BlackElo "2138"]
[WhiteFideId "12932116"]
[BlackFideId "2126915"]
[EventDate "2025.06.17"]

1. Nf3 e6 2. b3 d5 3. Bb2 f5 4. g3 Nf6 5. Bg2 Bd6 6. O-O Nc6 7. d4 O-O 8. c4 a5
9. a3 Ne4 10. c5 Be7 11. Nfd2 Bd7 12. f3 Nxd2 13. Nxd2 Bf6 14. e3 e5 15. dxe5
Nxe5 16. f4 Ng4 17. Bxd5+ Kh8 18. Bxf6 Rxf6 19. Qf3 Bb5 20. Rfe1 c6 21. a4 Ba6
22. e4 cxd5 23. exf5 Nh6 24. g4 Rc6 25. Rad1 Rxc5 26. Ne4 Rc2 27. Ng5 Qb6+ 28.
Kh1 Rf2 29. Qg3 Re2 30. Ne6 Re8 31. Qf3 Rxe1+ 32. Rxe1 Qc6 33. Re5 b6 34. Kg2
Bb7 35. Kg3 Nf7 36. Re3 Qd7 37. Rd3 h6 38. Qe3 Qd6 39. Qd4 Ng5 40. Qxg7# 1-0

[Event "Titled Tue 17th Jun Late"]
[Site "chess.com INT"]
[Date "2025.06.17"]
[Round "5"]
[White "Melendez Manuel A."]
[Black "Li, Hui"]
[Result "1-0"]
[WhiteTitle "FM"]
[BlackTitle "CM"]
[WhiteElo "2154"]
[BlackElo "2041"]
[WhiteFideId "6706800"]
[BlackFideId "15400310"]
[EventDate "2025.06.17"]

1. e4 e5 2. Nf3 Nf6 3. d4 Nxe4 4. Nxe5 d6 5. Nf3 d5 6. Bd3 Be7 7. O-O Nc6 8. c4
Nb4 9. Be2 O-O 10. Nc3 Bf5 11. a3 Nxc3 12. bxc3 Nc6 13. cxd5 Qxd5 14. c4 Qe4 15.
d5 Bf6 16. Ra2 Nd4 17. Nxd4 Qxd4 18. Rd2 Qc5 19. Qb3 Qb6 20. Qf3 Bg6 21. h4 Bxh4
22. Rb2 Qa5 23. Bd2 Qa4 24. Rxb7 Qc2 25. Bc3 Rfe8 26. Re1 Rac8 27. Rb2 Qe4 28.
Qxe4 Bxe4 29. g3 Bg5 30. Bf1 Bf5 31. Rbe2 Rxe2 32. Rxe2 h6 33. Rb2 1-0

[Event "Titled Tue 17th Jun Late"]
[Site "chess.com INT"]
[Date "2025.06.17"]
[Round "5"]
[White "Ilinca, Felix-Antonio"]
[Black "Domingo Nunez, Alejandro"]
[Result "0-1"]
[WhiteTitle "IM"]
[BlackTitle "FM"]
[WhiteElo "2431"]
[BlackElo "2340"]
[WhiteFideId "54764998"]
[BlackFideId "22245561"]
[EventDate "2025.06.17"]

1. b3 d6 2. Bb2 Nd7 3. d4 g6 4. Nf3 Bg7 5. e4 Ngf6 6. Bd3 O-O 7. O-O c5 8. c3
Rb8 9. a4 a6 10. Qe2 Nh5 11. Qe3 cxd4 12. cxd4 Nc5 13. Be2 d5 14. exd5 Qxd5 15.
Nc3 Qxb3 16. Rfb1 Ne6 17. d5 Nef4 18. Bd1 Qc4 19. Rc1 Nd3 20. Nd2 Qd4 21. Ba3
Qxe3 22. fxe3 Nxc1 23. Rxc1 Bd7 24. Nce4 Rfc8 25. Rb1 Bf8 26. Nc5 Be8 27. Bg4 f5
28. Bxh5 gxh5 29. Ne6 Rc3 30. Bb2 Rxe3 31. Nc4 Rd3 32. Nb6 Bf7 33. Be5 Re8 34.
Nf4 Rd2 35. a5 Bh6 36. Re1 Bxf4 0-1

[Event "Titled Tue 17th Jun Late"]
[Site "chess.com INT"]
[Date "2025.06.17"]
[Round "5"]
[White "Swara Lakshmi S Nair"]
[Black "Khenkin, Igor"]
[Result "0-1"]
[WhiteTitle "WCM"]
[BlackTitle "GM"]
[WhiteElo "2187"]
[BlackElo "2499"]
[WhiteFideId "25629239"]
[BlackFideId "4659600"]
[EventDate "2025.06.17"]

1. e4 c6 2. d4 d5 3. e5 a6 4. Nd2 Bf5 5. Nb3 e6 6. f4 c5 7. c3 c4 8. Nd2 b5 9.
Ngf3 Nc6 10. Be2 h5 11. O-O Nge7 12. Nh4 Bh7 13. Bxh5 Nf5 14. Nxf5 Bxf5 15. Bg4
Qh4 16. h3 Bxg4 17. Qxg4 Qxg4 18. hxg4 Rh4 19. g5 g6 20. Nf3 Rh7 21. g3 Be7 22.
Kg2 Kd7 23. Bd2 a5 24. Rh1 Rah8 25. Rxh7 Rxh7 26. Rh1 Rxh1 27. Kxh1 b4 28. Kg2
b3 29. axb3 cxb3 30. Ne1 a4 31. Nd3 Na5 32. Kf3 Nc4 33. Bc1 Kc6 34. Ke2 Kb5 35.
g4 a3 36. bxa3 Bxa3 37. Bxa3 Nxa3 38. Kd2 Nc4+ 39. Kc1 Ne3 40. Nc5 Kc4 41. Kb2
Nd1+ 42. Ka3 Nxc3 43. Nxb3 Nb5+ 44. Kb2 Nxd4 45. Na5+ Kd3 46. Nb7 Ke4 47. Nd6+
Kxf4 48. Nxf7 Nf3 49. Kc3 Nxg5 50. Nh8 Kxe5 51. Nxg6+ Ke4 52. Kd2 Kf3 53. Nf8
Kxg4 54. Ke3 Kf5 55. Kd4 Nf7 56. Kc5 Ne5 57. Kd6 Nc4+ 58. Kc5 Ne5 59. Kd6 Nf7+
60. Ke7 Ng5 61. Kd6 d4 62. Nd7 d3 63. Nc5 Ne4+ 0-1

[Event "Titled Tue 17th Jun Late"]
[Site "chess.com INT"]
[Date "2025.06.17"]
[Round "5"]
[White "Zilberstein, Dmitry"]
[Black "Tymrakiewicz, Rafal"]
[Result "0-1"]
[WhiteTitle "IM"]
[BlackTitle "FM"]
[WhiteElo "2358"]
[BlackElo "2206"]
[WhiteFideId "2010739"]
[BlackFideId "1108832"]
[EventDate "2025.06.17"]

1. e4 Nf6 2. e5 Nd5 3. d4 d6 4. c4 Nb6 5. exd6 cxd6 6. Nc3 g6 7. Be3 Bg7 8. Rc1
O-O 9. b3 Bf5 10. g4 Bc8 11. Bg2 Nc6 12. d5 Ne5 13. h3 f5 14. f4 Nexc4 15. bxc4
Nxc4 16. Bd4 Nb2 17. Qd2 Bxd4 18. Qxd4 fxg4 19. Ne4 Qa5+ 20. Qc3 Nd3+ 21. Kd2
Qxc3+ 22. Rxc3 Nxf4 23. Rg3 Nxg2 24. Rxg2 gxh3 25. Nxh3 Bxh3 26. Rxh3 Rf5 27.
Rd3 Raf8 28. Ng5 Rf2+ 29. Rxf2 Rxf2+ 30. Ke3 Rxa2 31. Ne6 Rc2 32. Rd4 Rc3+ 33.
Kd2 Rc8 34. Ke3 b5 35. Kf4 h6 36. Ke3 a5 37. Rg4 g5 38. Kd3 b4 39. Rg1 a4 40.
Rh1 b3 41. Rxh6 b2 42. Rg6+ Kh7 43. Rg7+ Kh6 0-1

[Event "Titled Tue 17th Jun Late"]
[Site "chess.com INT"]
[Date "2025.06.17"]
[Round "5"]
[White "Manvelyan, Mikayel"]
[Black "Maghsoodloo, Parham"]
[Result "0-1"]
[WhiteTitle "FM"]
[BlackTitle "GM"]
[WhiteElo "2362"]
[BlackElo "2691"]
[WhiteFideId "13310143"]
[BlackFideId "12539929"]
[EventDate "2025.06.17"]

1. e4 c5 2. Nf3 e6 3. d4 cxd4 4. Nxd4 a6 5. c4 Nf6 6. Nc3 Bb4 7. Bd3 Nc6 8. Nxc6
dxc6 9. O-O e5 10. Ne2 Bc5 11. a3 a5 12. b3 O-O 13. Qc2 Qe7 14. Bb2 Bg4 15. Ng3
Rad8 16. h3 Bc8 17. Rfd1 h5 18. Ne2 b6 19. Qc3 Rfe8 20. Qc2 h4 21. Nc3 Nh5 22.
Na4 Nf4 23. Bf1 Qg5 24. Nxc5 bxc5 25. Kh2 Rd4 26. Bxd4 cxd4 27. b4 Re6 28. b5
Rg6 29. f3 Bxh3 30. Qf2 Bc8 31. b6 c5 32. Rab1 Bb7 33. Rb5 Rc6 34. Rdb1 d3 35.
Rxc5 Qg3+ 36. Qxg3 hxg3+ 37. Kxg3 Rxc5 38. Kf2 Rxc4 39. g3 Ne6 0-1

[Event "Titled Tue 17th Jun Late"]
[Site "chess.com INT"]
[Date "2025.06.17"]
[Round "5"]
[White "Zhou, Abigail"]
[Black "Medina Paz, Miguel"]
[Result "1-0"]
[WhiteTitle "WCM"]
[BlackTitle "IM"]
[WhiteElo "1780"]
[BlackElo "2368"]
[WhiteFideId "39922081"]
[BlackFideId "7300379"]
[EventDate "2025.06.17"]

1. e4 c5 2. Nf3 Nc6 3. d4 cxd4 4. Nxd4 g6 5. c4 Bg7 6. Nc3 Nf6 7. Be3 O-O 8. Be2
d6 9. O-O Bd7 10. Qd2 Nxd4 11. Bxd4 Bc6 12. f3 Nd7 13. Be3 a5 14. Rad1 Nc5 15.
b3 Be5 16. Nd5 e6 17. Nc3 Qe7 18. f4 Bxc3 19. Qxc3 Nxe4 20. Qb2 d5 21. cxd5 exd5
22. Bd4 f6 23. f5 g5 24. Bf3 Rfe8 25. Bh5 Rf8 26. Rfe1 a4 27. b4 Kg7 28. Bc5 Qc7
29. Bxf8+ Rxf8 30. Kh1 Qf4 31. Rf1 Qh4 32. Bf3 Ng3+ 33. Kg1 Nxf1 34. Rxf1 Qc4
35. Rc1 Qd3 36. Rd1 Qe3+ 37. Kh1 Re8 38. h3 d4 39. Bxc6 bxc6 40. Qxd4 Qxd4 41.
Rxd4 Re1+ 42. Kh2 Re2 43. a3 Re3 44. Rd7+ Kf8 45. Rxh7 Rxa3 46. Ra7 Ra1 47. Ra6
a3 48. Rxc6 a2 49. Rxf6+ Ke7 50. Ra6 Kd7 51. b5 Kc7 52. f6 Kd7 53. b6 Kc8 54.
Ra7 Rf1 55. Rxa2 Rxf6 56. Ra5 1-0

[Event "Titled Tue 17th Jun Late"]
[Site "chess.com INT"]
[Date "2025.06.17"]
[Round "5"]
[White "Fernandez Siles, Luis"]
[Black "Sobek, Jaroslav"]
[Result "1-0"]
[WhiteTitle "FM"]
[BlackTitle "FM"]
[WhiteElo "2170"]
[BlackElo "2195"]
[WhiteFideId "2209420"]
[BlackFideId "301388"]
[EventDate "2025.06.17"]

1. e4 c5 2. Nf3 a6 3. c3 d5 4. exd5 Qxd5 5. d4 e6 6. Be3 cxd4 7. cxd4 Nf6 8. a3
Be7 9. Nc3 Qd6 10. Bd3 O-O 11. O-O Nbd7 12. Qe2 b6 13. Rad1 Bb7 14. Bb1 Rfd8 15.
Bc1 Rac8 16. Rfe1 b5 17. Ne5 Nf8 18. Qe3 Nd5 19. Qf3 f6 20. Ne4 Qb8 21. Nd3 f5
22. Nec5 Bxc5 23. Nxc5 Bc6 24. Qe2 Qd6 25. Ba2 Re8 26. b4 Re7 27. Bd2 Rce8 28.
Qh5 g6 29. Qh6 Rf7 30. Bg5 Ba8 31. Rd3 e5 32. dxe5 Rxe5 33. Red1 Ne6 34. Nxe6
Qxe6 35. h3 Re1+ 36. Kh2 Rxd1 37. Rxd1 Rd7 38. Qh4 1-0

[Event "Titled Tue 17th Jun Late"]
[Site "chess.com INT"]
[Date "2025.06.17"]
[Round "5"]
[White "Sarkar, Justin"]
[Black "Hadzovic, Amir"]
[Result "1-0"]
[WhiteTitle "IM"]
[BlackTitle "FM"]
[WhiteElo "2284"]
[BlackElo "2354"]
[WhiteFideId "2010011"]
[BlackFideId "14402300"]
[EventDate "2025.06.17"]

1. e4 e5 2. Nf3 Nc6 3. Bb5 a6 4. Ba4 d6 5. h3 Bd7 6. c3 Nge7 7. d4 Ng6 8. O-O
Be7 9. d5 Nb8 10. Bxd7+ Nxd7 11. c4 O-O 12. Nc3 f5 13. exf5 Rxf5 14. Be3 Qf8 15.
Ne4 h6 16. Nfd2 Nf4 17. Kh2 Qe8 18. g3 Ng6 19. Qg4 Rf8 20. h4 Nf6 21. Nxf6+ Rxf6
22. Ne4 Rf8 23. h5 Nh8 24. Bxh6 Qf7 25. Bg5 Rae8 26. f4 Qf5 27. Qxf5 Rxf5 28. g4
Rf7 29. f5 Bf6 30. Be3 Bd8 31. g5 Ref8 32. f6 gxf6 33. g6 Rd7 34. Ng3 c6 35. Nf5
cxd5 36. cxd5 b5 37. Rg1 Nxg6 38. Rxg6+ Kh8 39. Rag1 Rh7 40. h6 a5 41. Rg7 b4
42. Rxh7+ Kxh7 43. Rg7+ Kh8 44. Nh4 a4 45. Ng6# 1-0

[Event "Titled Tue 17th Jun Late"]
[Site "chess.com INT"]
[Date "2025.06.17"]
[Round "5"]
[White "Nayak, Rajesh"]
[Black "Volodin, Alexandr E."]
[Result "1-0"]
[WhiteTitle "FM"]
[BlackTitle "FM"]
[WhiteElo "2262"]
[BlackElo "2344"]
[WhiteFideId "35017152"]
[BlackFideId "34268871"]
[EventDate "2025.06.17"]

1. d4 Nf6 2. Bf4 d5 3. Nc3 c5 4. e4 Nxe4 5. Nxe4 dxe4 6. dxc5 Qa5+ 7. c3 Qxc5 8.
Qa4+ Nc6 9. Qxe4 Bf5 10. Qa4 e5 11. Be3 Qa5 12. Qxa5 Nxa5 13. Bb5+ Bd7 14. Bxd7+
Kxd7 15. O-O-O+ Ke6 16. f4 Nc4 17. Bf2 Be7 18. Ne2 Rad8 19. fxe5 Bg5+ 20. Kc2
Nxe5 21. Bxa7 Ra8 22. Nd4+ Kf6 23. Bc5 Ng4 24. Nf3 Be3 25. Rd6+ Kf5 26. Re1 Bxc5
27. Rd5+ Kf6 28. Rxc5 Rxa2 29. Rb5 g6 30. h3 Nh6 31. g4 Kg7 32. Rxb7 Rd8 33.
Ree7 Rf8 34. Ng5 Ra5 35. Ne6+ Kg8 36. Nxf8 Kxf8 37. b4 Ra2+ 38. Kb3 Rh2 39. b5
Rxh3 40. b6 Rf3 41. Rbc7 Rf6 42. b7 Rb6+ 43. Ka4 Nxg4 44. Rxf7+ Ke8 45. Rxh7 Kd8
46. Rc8# 1-0

[Event "Titled Tue 17th Jun Late"]
[Site "chess.com INT"]
[Date "2025.06.17"]
[Round "5"]
[White "Petrenko, Maryna"]
[Black "Przybylski, Wojciech"]
[Result "0-1"]
[WhiteTitle "WFM"]
[BlackTitle "FM"]
[WhiteElo "2062"]
[BlackElo "2340"]
[WhiteFideId "14197820"]
[BlackFideId "1117599"]
[EventDate "2025.06.17"]

1. d4 Nf6 2. c4 e6 3. Nf3 d5 4. g3 dxc4 5. Bg2 Bb4+ 6. Bd2 a5 7. O-O O-O 8. a3
Be7 9. Qc2 b5 10. b3 cxb3 11. Qxb3 Qd5 12. Qb2 Qb7 13. Ne5 c6 14. Rc1 Ra6 15.
Nc3 Nd5 16. e4 Nxc3 17. Rxc3 b4 18. axb4 axb4 19. Rcc1 f6 20. Rxa6 Qxa6 21. Nc4
Qb5 22. e5 c5 23. dxc5 Bxc5 24. Bf1 fxe5 25. Ne3 Qb6 26. Rxc5 Qxc5 27. Bxb4 Qb6
28. Nc4 Qd4 29. Qxd4 exd4 30. Bxf8 Kxf8 31. Bd3 g6 32. Nd6 Bd7 33. Ne4 Ke7 34.
Kf1 Nc6 35. Nc5 Ne5 36. Bb1 Bb5+ 37. Ke1 Nf3+ 38. Kd1 Nxh2 39. Kd2 Nf3+ 40. Kd1
Kd6 41. Ne4+ Ke5 42. Nc5 Bc4 43. Nd7+ Kd6 44. Nb6 Bb5 45. Be4 Ng5 46. Bc2 Nf7
47. Kd2 Kc7 48. Na4 Ne5 49. Nc5 Kd6 50. Ne4+ Ke7 51. Ng5 h6 52. Ne4 g5 53. Nc5
Kd6 54. Ne4+ Ke7 55. Nc5 h5 56. Ne4 g4 57. Nc5 Nf3+ 58. Kd1 Ne5 59. Ne4 d3 60.
Bb1 Nf3 61. Nc3 Bc4 62. Na4 Bb3+ 63. Kc1 d2+ 0-1

[Event "Titled Tue 17th Jun Late"]
[Site "chess.com INT"]
[Date "2025.06.17"]
[Round "5"]
[White "Ratkovic, Miloje"]
[Black "Ngo, Quang Thai"]
[Result "1-0"]
[WhiteTitle "GM"]
[BlackTitle "FM"]
[WhiteElo "2489"]
[BlackElo "2326"]
[WhiteFideId "914517"]
[BlackFideId "12403768"]
[EventDate "2025.06.17"]

1. Nf3 d5 2. g3 g6 3. Bg2 Bg7 4. O-O Nf6 5. d3 O-O 6. Nbd2 c5 7. e4 Nc6 8. Re1
e5 9. b3 Re8 10. Bb2 d4 11. a4 h6 12. Nc4 Qc7 13. Rf1 a6 14. Bc1 Be6 15. a5 Bxc4
16. bxc4 Nxa5 17. Nh4 Nc6 18. f4 Qd7 19. h3 b5 20. cxb5 axb5 21. Rxa8 Rxa8 22.
fxe5 Nxe5 23. Bf4 Nh5 24. Nf5 Nxf4 25. gxf4 gxf5 26. fxe5 f4 27. Rxf4 Bxe5 28.
Rf5 Qe6 29. Qg4+ Kh7 30. Qh5 f6 31. Bf3 Qg8+ 32. Bg4 Ra1+ 33. Kg2 Rc1 34. Rf2
Qg6 35. Kf3 Qxh5 36. Bxh5 c4 37. Bf7 cxd3 38. cxd3 Rh1 39. Kg4 Rd1 40. Kf5 Rxd3
41. Ra2 Rf3+ 42. Ke6 d3 43. Bh5 Rg3 44. Bg4 h5 45. Bf5+ Kh6 46. h4 Re3 47. Ra7 1-0

[Event "Titled Tue 17th Jun Late"]
[Site "chess.com INT"]
[Date "2025.06.17"]
[Round "5"]
[White "Cupid, Kevin"]
[Black "Panin, Mikhail"]
[Result "1-0"]
[WhiteTitle "FM"]
[BlackTitle "CM"]
[WhiteElo "2189"]
[BlackElo "2255"]
[WhiteFideId "7700512"]
[BlackFideId "34164992"]
[EventDate "2025.06.17"]

1. d4 d5 2. c4 e6 3. Nc3 h6 4. Bf4 Nf6 5. e3 Bd6 6. Bg3 O-O 7. Nf3 c5 8. cxd5
exd5 9. Be2 Nc6 10. dxc5 Bxc5 11. O-O d4 12. Na4 Bb6 13. Nxb6 Qxb6 14. Nxd4 Rd8
15. Bc4 Nxd4 16. exd4 Rxd4 17. Qc2 Be6 18. Bxe6 Qxe6 19. Rfe1 Qd7 20. Rad1 Rd8
21. Rxd4 Qxd4 22. a3 Qd2 23. Qb1 b5 24. h3 a5 25. Be5 Qg5 26. f4 Qg3 27. Re2 Nh5
28. Bc7 Nxf4 29. Kf1 Rc8 30. Qf5 Ra8 31. Bxf4 Qb3 32. Qe4 Rd8 33. Kf2 b4 34.
axb4 axb4 35. Kg1 Qd1+ 36. Kh2 b3 37. Qe3 Rd3 38. Qe8+ Kh7 39. Qe4+ g6 40. Be5
Rd7 41. Rf2 Qd5 42. Qxd5 Rxd5 43. Rxf7+ Kg8 44. Rg7+ Kf8 45. Bc3 g5 46. Rg6 Rc5
47. Rxh6 Rxc3 48. bxc3 1-0

[Event "Titled Tue 17th Jun Late"]
[Site "chess.com INT"]
[Date "2025.06.17"]
[Round "5"]
[White "Zhukovskyi, Oleksandr"]
[Black "Suleymanli, Suleyman"]
[Result "0-1"]
[WhiteTitle "CM"]
[BlackTitle "FM"]
[WhiteElo "2145"]
[BlackElo "2308"]
[WhiteFideId "14169371"]
[BlackFideId "13416375"]
[EventDate "2025.06.17"]

1. b3 d5 2. Bb2 Nf6 3. e3 Bf5 4. Nf3 c6 5. c4 e6 6. Be2 Nbd7 7. O-O h6 8. Nc3
Bd6 9. h3 O-O 10. Re1 a5 11. d4 Ne4 12. Nxe4 Bxe4 13. Ne5 Bxe5 14. dxe5 Qg5 15.
Bf1 a4 16. Ba3 Rfe8 17. Bd6 Qf5 18. Qd4 Qg6 19. Kh2 f6 20. cxd5 exd5 21. exf6
Qxf6 22. Qxf6 Nxf6 23. f3 Bc2 24. bxa4 Rxa4 25. Rec1 Bg6 26. Rc3 Rea8 27. a3 Ne8
28. Bc5 Nc7 29. Rb3 Ne6 30. Bd6 b5 31. Rc1 Be8 32. Bd3 Bd7 33. Bf5 Kf7 34. e4 d4
35. Be5 Rc4 36. Rd1 Raa4 37. Rbd3 c5 38. Bd6 g6 39. Bg4 h5 40. Bxe6+ Bxe6 41.
Rb3 b4 42. Rc1 Rxc1 43. axb4 Rxb4 0-1